• 首页
  • 本馆介绍
  • 公告通知
  • 最新文献
  • 馆藏检索
  • 电子资源
  • 读者导购
  • 参考咨询
  • 我的图书馆
  • 登录
  • 详细信息显示
  • 放入我的书架
  • 预约/预借图书
  • 作者相关作品
  • 分类相关作品
  • 丛书相关作品
  • 出版社相关作品

书目信息

  • 表格格式
  • 工作单格式
  • 卡片格式
题名:
黄帝内经素问
    
 
作者: ;人民卫生出版社 编
分册:  
出版信息: 北京   人民卫生出版社  1963
页数: 592页
开本: 19cm
丛书名:
单 册:
中图分类: R221
科图分类:
主题词:
电子资源:
ISBN:
000 00644nam0 2200229 45
001 0178000505
005 20060815174541.54
010    @dCNY1.70
091    @a14048.2722
100    @a19950807e19781963em y0chiy0121 ea
101 0  @achi
102    @aCN@b110000
105    @ay z 000yy
200 10 @a黄帝内经素问@Ahuang di nei jing su wen@f人民卫生出版社编@Fren min wei sheng chu ban she bian
210    @a北京@c人民卫生出版社@d1963
215    @a592页@d19cm
605    @a素问
610 0  @a黄帝内经
690    @aR221@v3
711  0 @a人民卫生出版社@Aren min wei sheng chu ban she@4编
801  0 @aCN@bTSSF@c20060815
905    @a10447@dR221@e164
    
    黄帝内经素问/人民卫生出版社编.-北京:人民卫生出版社,1963
    592页;19cm
    
    
    ISBN :CNY1.70
    
●
相关链接 在E读中查询图书 在五车中查询图书 在当当中查询图书 在豆瓣中查询图书


正题名:黄帝内经素问     索取号:R221/164         预约/预借

序号 登录号 条形码 馆藏地/架位号 状态 备注
1 0014381   202299208   密集书库/ [索取号:R221/164] 在馆    
2 0014382   000711206   密集书库/ [索取号:R221/164] 在馆    
3 0458397   204583977   密集书库/ [索取号:R221/164] 在馆    
唐山师范学院图书馆 欢迎您!
大连网信软件有限公司© 版权所有